000 00291nam a22001337a 4500
008 180212b xxu||||| |||| 00| 0 eng d
020 _a9780073101439
041 _aeng
080 _27 ed
_a616.073
100 _a6
101 _agen
245 _ahuman genetics
_clewis.r
942 _2udc
_cBK
999 _c42318
_d42318